| 000 | 00669nam a2200193 4500 | ||
|---|---|---|---|
| 003 | KOHA_MİRAKIL | ||
| 005 | 20241203060126.0 | ||
| 008 | 241203b tu ||||| |||| 00| 0 tur d | ||
| 020 | _a9786056178405 | ||
| 040 |
_aTR-AnABB _btur _cTR-AnABB |
||
| 041 | _atur | ||
| 082 |
_a398.03 _bHAL 2013 |
||
| 245 | 0 | 0 |
_aHalk kültürü ve etnografya terimleri sözlüğü : _bhalk kültürü " halk oyunları, giysiler, halk çalgıları" ettnografya / _chazırlayan: Ahmet Şenol |
| 260 |
_aAnkara : _bAhmet Şenol , _c2013 |
||
| 300 |
_a395 sayfa ; _c24 cm |
||
| 650 | 0 | 4 | _aHalk kültürü, sözlükler |
| 700 | 1 |
_aŞenol, Ahmet, _ehazırlayan _91490 |
|
| 942 |
_2ddc _cBK |
||
| 999 |
_c7965 _d7965 |
||
| 900 | _bCan ÇELIK | ||